Statistics for Most popular baby names in Sweden

Click here to take the quiz!

General Stats

  • This quiz has been taken 25 times
  • The average score is 2 of 10

Answer Stats

GenderAnswer% Correct
GirlAlice
43%
BoyWilliam
43%
GirlElla
30%
BoyLiam
26%
GirlEbba
22%
BoyNoah
17%
GirlAlma
9%
BoyElias
9%
BoyHugo
9%
GirlAstrid
4%

Score Distribution

Percentile by Number Answered

Percent of People with Each Score

Your Score History

You have not taken this quiz